000 00264nam a2200109Ia 4500
008 200302s9999 xx 000 0 und d
100 _aSteven Holl
245 _aThe Chapel Of St.Ignatius
260 _bPrinceton Architectural Press
260 _c1999
300 _a95 P
999 _c4893
_d4893